000 00513nam a22001937a 4500
005 20180922104753.0
008 180922b xxu||||| |||| 00| 0 eng d
020 _a9789385054372
_c₹ 325.00
040 _aLoreto College
_bEng
041 _aHindi
082 _a891.43
_bJAI
100 _aJain, Nirmala
245 _aKatha Our samay ka sach
_cNirmala Jain
260 _aKitabghar Prakashan
_bNew Delhi
_c2015
300 _a184 p.
_b24cm.
650 _aKatha Sahitya in Hindi
850 _aLCLIB
942 _cBK
999 _c41816
_d92295